00322nam a2200157Ia 4500008004000000041000800040082001100048100001500059245002600074260002000100440000600120650000900126650001300135650001000148650000600158210210b1901 xxu||||| |||| 00| 0 eng d aeng a828/13 aARCHER (T) aQueen Victoria Vol. 3 aLondonb-c1901 a3 aVol. aVictoria aQueen a3